| 000 | 01384nam a22003857a 4500 | ||
|---|---|---|---|
| 001 | 000103873 | ||
| 003 | CHAP | ||
| 005 | 20241112062704.0 | ||
| 008 | 110124s2010 mx a r 00010 spa d | ||
| 010 | _a100336 | ||
| 011 | _a101308 | ||
| 020 | _a9786071201386 | ||
| 035 | _a111995 | ||
| 040 | _cCHAP | ||
| 082 | 0 | 4 |
_a631.584 _bA27 |
| 245 | 0 | 0 |
_aAgricultura, apicultura y ganadería orgánicas de México -- 2009 : _bestado actual, retos, tendencias / _cpor Manuel Ángel Gómez Cruz ...[et al.]. |
| 260 |
_aChapingo, Méx. : _bUACH. Centro de Investigaciones Interdisciplinarias para el Desarrollo Rural Integral (CIDRI), _c2010. |
||
| 300 |
_a107 p. : _bilus., cuadros. |
||
| 590 |
_aBATCH-UPD _b10 _c20130110 _lUCH01 _h1030 |
||
| 590 |
_aBATCH-UPD _b10 _c20130410 _lUCH01 _h0633 |
||
| 590 |
_aBATCH-UPD _b10 _c20130913 _lUCH01 _h2228 |
||
| 590 |
_aCONVERSION _b10 _c20130109 _lUCH01 _h1355 |
||
| 590 |
_aE11695DGD _b10 _c20140221 _lUCH01 _h1430 |
||
| 590 |
_aE5995AHE _b05 _c20140407 _lUCH01 _h1351 |
||
| 650 | 1 | 4 |
_aAgricultura orgánica. _92005 |
| 650 | 1 | 4 |
_aAgricultura y ganadería. _92074 |
| 650 | 1 | 4 |
_aApicultura _xMexico. _96268 |
| 650 | 1 | 4 |
_aIndustrias pecuarias. _958022 |
| 700 | 1 |
_aGómez Cruz, Manuel Ángel _949661 |
|
| 901 | _aBK | ||
| 911 | _aen proceso | ||
| 942 | _cLIBRO | ||
| 942 | _n0 | ||
| 949 |
_a631.584 Ag83 _bBC _cUACH _d33724002233538 _eUACH _h14124 _i111995 _sb |
||
| 999 |
_c100336 _d100336 |
||